Focus (Record no. 83383)

MARC details
000 -LEADER
fixed length control field 00954cab a22002295a 4500
001 - CONTROL NUMBER
control field L153812
008 - FIXED-LENGTH DATA ELEMENTS--GENERAL INFORMATION
fixed length control field 110906e20110903xxk 000 0 eng d
035 ## - SYSTEM CONTROL NUMBER
System control number (Sirsi) u153812
041 0# - LANGUAGE CODE
Language code of text/sound track or separate title eng
100 1# - MAIN ENTRY--PERSONAL NAME
Personal name Quinn, David
245 00 - TITLE STATEMENT
Title Focus
Remainder of title industrial
260 ## - PUBLICATION, DISTRIBUTION, ETC.
Date of publication, distribution, etc. 2011
490 ## - SERIES STATEMENT
Series statement Estates Gazette
Volume/sequential designation (1135) 3 September 2011, 67-78(8)
520 ## - SUMMARY, ETC.
Summary, etc. Considers whether the proposed expansion of UK rail freight is supported by the existing rail infrastructure network following the abolition of the Infrastructure Planning Commssion. Urges local planning authorities to consider cross boundary industrial shed developments in the manufacturing and logistic sectors. Dover and Calais consider plans to expand their port facilities.
590 ## - LOCAL NOTE (RLIN)
Local note KA
651 #4 - SUBJECT ADDED ENTRY--GEOGRAPHIC NAME
Geographic name United Kingdom
Chronological subdivision
651 #4 - SUBJECT ADDED ENTRY--GEOGRAPHIC NAME
Geographic name FRANCE
690 ## - LOCAL SUBJECT ADDED ENTRY--TOPICAL TERM (OCLC, RLIN)
Topical term or geographic name as entry element PROPERTY-COMMERCIAL PROPERTY-COMMERCIAL PROPERTY MARKET
700 1# - ADDED ENTRY--PERSONAL NAME
Personal name Whitten, Nick
700 1# - ADDED ENTRY--PERSONAL NAME
Personal name Harris, David
942 ## - ADDED ENTRY ELEMENTS (KOHA)
Suppress in OPAC 0
Holdings
Withdrawn status Lost status Source of classification or shelving scheme Damaged status Not for loan Home library Current library Shelving location Date acquired Total Checkouts Full call number Barcode Date last seen Copy number Price effective from Koha item type
    Dewey Decimal Classification     London London Journal article 06/09/2011   L153812 153812-1001 06/08/2019 1 06/08/2019 Journal article